1308 1733 1332 1869 1960 1149 1815 1610 1715 1803 1185 1093 1476 1935 1269 1754 1655 1662 1774 1746 1480 1419 1451 1747 1936 1566 1445 1266 1389 1132 1787 1236 1373 1429 1428 1881 1068 1203 1329 1685 1500 1386 1911 1866 1853 1958 1885 1081 1091 1404 1685 1427 1584 1273 1581 1177 1209 1026 1215 1419 1891 1707 1569 1032 1298 1179 1721 1738 1237 1218 1970 1899 1959 1298 1817 1241 1093 1482 1736 1322 1951 1017 1108 1976 1767 1163 1589 1915 1987 1723 1931 1510 1913 1686 1505 1683 1510 1126 1456 BCNSPRNW ULIB Ver.6.0+V

เปลี่ยนเป็นภาษาไทย

Change to English
 แสดงรายละเอียดบรรณานุกรม
  กลับหน้าหลัก

Brief Record : Get Marc (ISO 2709) : E-mail record : QR code < ปิดหน้าต่าง
LEADER : 00000nam 2200000uu 4500
001    13399121943
003     ULIB
008    121214s2545||||th 000 0 tha d
020    ^a9789747597554
090    ^aนว.^bท459ฮ
100    ^aเจ.อาร์.อาร์.โทลคีน
245    ^aฮอบบิท/^cเจ.อาร์.อาร์.โทลคีน
260    ^aกรุงเทพฯ :^bแพรวเยาวชน,^c2545
300    ^a363 หน้า
945    ^p245^l0^i014806
995    ^aวิภา
999 ^a ทศพร
รายการนี้ยังไม่มีแท็ก
คุณยังไม่ได้ล็อกอิน คุณสามารถมีกิจกรรมร่วมกับเว็บไซต์ได้ แต่ต้องล็อกอินก่อน ::
  ล็อกอิน

รายการสื่อสารสนเทศ

ลำดับที่ ประเภท เลขเรียก/บาร์โค้ด สถานที่ สถานะ
1. นวนิยาย
นวนิยาย
นว. ท459ฮ  
  Barcode: 014806
ห้องสมุดวิทยาเขตสวรรค์ประชารักษ์
►นวนิยาย
บนชั้น
  ขอยืม

BibComment

คอมเมนท์ทรัพยากรรายการนี้
  คอมเมนท์: ฮอบบิท เจอาร์อาร..
   [แสดง 1/1 รายการ]
นางสาวนุชศรา พรมชัย
สนุกมาก  กับเรื่องราวการผจญภัยที่น่าตื่นเต้น
อ่านเวลาว่าง  ฝึกสมาธิ  เพิ่มจินตนาการ

#1 
เมื่อ 14:21 14/มิถุนายน/2556 (13 ปี 14 วันที่แล้ว) แจ้งลบ
   [แสดง 1/1 รายการ]
คอมเมนท์ทรัพยากรรายการนี้
  คอมเมนท์: ฮอบบิท เจอาร์อาร..

สมาชิกที่บันทึกรายการนี้ไว้ในรายการโปรด
นางสาวนุชศรา พรมชัย

 Copyright 2026. Bcnsprnw @Library